| 000 -LEADER |
| fixed length control field |
00393nam a22001337a 4500 |
| 008 - FIXED-LENGTH DATA ELEMENTS--GENERAL INFORMATION |
| fixed length control field |
190829b ||||| |||| 00| 0 eng d |
| 100 ## - MAIN ENTRY--PERSONAL NAME |
| Personal name |
Dutta, Ritwick |
| 245 ## - TITLE STATEMENT |
| Title |
Reintroduction of the Asiatic Lion: precedence of politics over rule of law |
| 260 ## - PUBLICATION, DISTRIBUTION, ETC. (IMPRINT) |
| Date of publication, distribution, etc |
2019 |
| 300 ## - PHYSICAL DESCRIPTION |
| Extent |
p.13-16. |
| 773 ## - HOST ITEM ENTRY |
| Main entry heading |
Economic and Political Weekly |
| 906 ## - LOCAL DATA ELEMENT F, LDF (RLIN) |
| Subject DIP |
Wildlife conservation |
| 942 ## - ADDED ENTRY ELEMENTS (KOHA) |
| Source of classification or shelving scheme |
|
| Item type |
Articles |